000
00292nam a22001337a 4500
008
170619b xxu||||| |||| 00| 0 eng d
020
_a
0915144867
041
_a
eng
080
_a
328
100
_a
20
101
_a
SHP
245
_a
SECOND TRATISE OF GOVERNMENT
_c
LOCKE,J
942
_2
udc
_c
BK
999
_c
18187
_d
18187